00497nam a2200145Ia 4500008004100000020001800041041000800059082002500067100003600092245002300128260003700151300000900188999001900197952013500216230519s9999 xx 000 0 und d a0-8273-7869-6 aeng a610.730 1/PES/DB0523 aPesut Daniel & Herman J9180393 aClinical Reasoning bDelmar PublisheraNew Yorkc1999 a244p c159267d159267 00104070aBTINbBTINd2017-08-03g500.00i859l0o610.730 1 PES DB0523pBTIN-DB-523r2023-05-19 00:00:00w2017-08-03yDBzDB0523